000
00287nam a2200121Ia 4500
008
190216s9999||||xx |||||||||||||| ||und||
100
_a
Krishna Chander
245
0
_a
Hindi-Kashmir Ki Kahaniya
260
_b
Daksh Shiksha Samithi
_c
2007
300
_a
136
650
_a
Hindi
942
_c
BK
999
_c
16435
_d
16435